000 00513nab a2200145Ia 4500
003 ES-SlBCS
005 20210601145028.0
008 140529s1982 xxu||||| |||| 00| 0 spa d
041 _aspa
100 1 _aZusne, Leonard
_9307177
245 0 0 _aTextos de Historia de la Psicología como instrumentos de medida de la eminencia en Psicología
_c Leonard Zusne
650 0 4 _aHistoria de la Psicología
_9159384
773 0 _tRevista de Historia de la Psicologia
_gvol. 3, nº. 1, 1982, págs. 7-42
_wRev700
942 _cAR
999 _c718187
_d718187